00230nam a2200097Ia 4500008004100000100002500041245003200066260000900098942000800107999001700115190216s9999||||xx |||||||||||||| ||und|| aGovernment Of Kerala 0aOffice Procedure And Drafts bNull cREF c35110d35110